000 00815cam a2200277 4500
001 a4528566
003 CO-ViMGA
005 20230915224410.0
008 090520s2009 sp | |||| 000 f spa
020 _a9788498721232
040 _aCO-ViMGA
_bspa
_cCO-ViMGA
041 1 _hfre
082 _a843.91
_bD78r1
100 1 _aDruon, Maurice
_d1918-2009
_92397
240 1 3 _aLe Roi de fer
_lEspañol
245 1 3 _aEl rey de hierro
_h[Texto impreso]
_cMaurice Druon ; [traducción̤, Maria Guadalupe Orozco Bravo]
250 _a1a. ed.
260 _aBarcelona
_bZeta
_c2009
300 _a349 p.
_c20 cm
490 1 _aLos reyes malditos
_v1
490 1 _aZeta histórica
_v73
650 1 4 _aFelipe IV, el hermoso
_92400
650 1 4 _aNovela francesa
_92398
650 1 4 _aRey de Francia
_y1268
_92399
942 _2ddc
_cBK
999 _c11697
_d11697